Nekonvenční myšlení 17 pravidel pro vítězství v byznysu
Saved in:
| Main Author: | |
|---|---|
| Other Authors: | , |
| Format: | Book |
| Language: | Czech |
| Published: |
Praha
GRADA Publishing
2007
|
| Subjects: | |
| Tags: |
No Tags, Be the first to tag this record!
|
MARC
| LEADER | 00000nam$a2200000$$$4500 | ||
|---|---|---|---|
| 001 | 0067721 | ||
| 005 | 20240313090147.8 | ||
| 020 | |a 978-80-247-1741-8 | ||
| 041 | 0 | |a cze | |
| 044 | |a CZ | ||
| 245 | 1 | 0 | |a Nekonvenční myšlení |b 17 pravidel pro vítězství v byznysu |c Anja Förster, Peter Kreuz ; přeložila: Iva Michňová |
| 264 | 1 | |a Praha |b GRADA Publishing |c 2007 | |
| 300 | |a 206 s. | ||
| 610 | 2 | 0 | |a podnikanie |
| 610 | 2 | 0 | |a know-how |
| 610 | 2 | 0 | |a stratégia podnikateľská |
| 610 | 2 | 0 | |a úspech pracovný |
| 610 | 2 | 0 | |a obchod |
| 610 | 2 | 0 | |a trh |
| 610 | 2 | 0 | |a monopoly |
| 610 | 2 | 0 | |a produkty |
| 610 | 2 | 0 | |a ceny |
| 610 | 2 | 0 | |a zákazníci |
| 100 | 1 | |a Förster, Anja | |
| 700 | 1 | |a Kreuz, Peter | |
| 700 | 1 | |a Michňová, Iva | |